Theology and Christian ethics/ (Record no. 13376)
[ view plain ]
| 000 -LEADER | |
|---|---|
| fixed length control field | 01583cam a2200289 4500 |
| 001 - CONTROL NUMBER | |
| control field | 13376 |
| 005 - DATE AND TIME OF LATEST TRANSACTION | |
| control field | 20251008083313.0 |
| 008 - FIXED-LENGTH DATA ELEMENTS--GENERAL INFORMATION | |
| fixed length control field | 740111s1974 pau b 001 0 eng |
| 010 ## - LIBRARY OF CONGRESS CONTROL NUMBER | |
| LC control number | 74000510 |
| 020 ## - INTERNATIONAL STANDARD BOOK NUMBER | |
| International Standard Book Number | 0829802703 |
| 020 ## - INTERNATIONAL STANDARD BOOK NUMBER | |
| International Standard Book Number | 9780829802702 |
| 035 ## - SYSTEM CONTROL NUMBER | |
| System control number | 3622315 |
| 040 ## - CATALOGING SOURCE | |
| Original cataloging agency | DLC |
| Transcribing agency | DLC |
| Modifying agency | DLC |
| -- | BSULIB |
| 050 00 - LIBRARY OF CONGRESS CALL NUMBER | |
| Classification number | BJ1251 |
| Item number | .G88 |
| 082 00 - DEWEY DECIMAL CLASSIFICATION NUMBER | |
| Classification number | 241 |
| Item number | GUS |
| 100 1# - MAIN ENTRY--PERSONAL NAME | |
| Personal name | Gustafson, James M. |
| 9 (RLIN) | 7011 |
| 245 10 - TITLE STATEMENT | |
| Title | Theology and Christian ethics/ |
| Statement of responsibility, etc | [by] James M. Gustafson. |
| 260 ## - PUBLICATION, DISTRIBUTION, ETC. (IMPRINT) | |
| Place of publication, distribution, etc | Philadelphia, |
| Name of publisher, distributor, etc | United Church Press |
| Date of publication, distribution, etc | [1974] |
| 300 ## - PHYSICAL DESCRIPTION | |
| Extent | 315 p. |
| Dimensions | 22 cm. |
| 500 ## - GENERAL NOTE | |
| General note | "A Pilgrim Press book." |
| 504 ## - BIBLIOGRAPHY, ETC. NOTE | |
| Bibliography, etc | Includes bibliographical references. |
| 505 0# - FORMATTED CONTENTS NOTE | |
| Formatted contents note | Swezey, C. M. Introduction.--The burden of the ethical.--Faith, unbelief, and moral life.--Education for moral responsibility.--The theologian as prophet, preserver, or participant.--Moral discernment in the Christian life.--The place of Scripture in Christian ethics.--The relation of the Gospels to the moral life.--Spiritual life and moral life.--The relevance of historical understanding.--Man--in light of social science and Christian faith.--The relationship of empirical science to moral thought.--What is the normatively human?--Basic ethical issues in the biomedical fields.--Genetic engineering and the normative view of the human.--Bibliography of the writings of James M. Gustafson, 1951-1973 (p. 297-305) |
| 650 #0 - SUBJECT ADDED ENTRY--TOPICAL TERM | |
| Topical term or geographic name as entry element | Christian ethics. |
| 9 (RLIN) | 6289 |
| 906 ## - LOCAL DATA ELEMENT F, LDF (RLIN) | |
| a | 7 |
| b | cbc |
| c | orignew |
| d | 1 |
| e | ocip |
| f | 19 |
| g | y-gencatlg |
| 942 ## - ADDED ENTRY ELEMENTS (KOHA) | |
| Source of classification or shelving scheme | Dewey Decimal Classification |
| Item type | Books |
| Withdrawn status | Lost status | Source of classification or shelving scheme | Damaged status | Not for loan | Home library | Current library | Shelving location | Date acquired | Source of acquisition | Inventory number | Total Checkouts | Full call number | Barcode | Date last seen | Copy number | Price effective from | Koha item type | Public note |
|---|---|---|---|---|---|---|---|---|---|---|---|---|---|---|---|---|---|---|
| Dewey Decimal Classification | Main Library | Main Library | Reserve Book Section | 10/10/2005 | Donation | 10525 | 241 GUS | bsu25100190 | 08/10/2025 | 001 | 08/10/2025 | Books | Material available in hard copy |